La memoria sagrada / (Record no. 196059)

MARC details
000 -LEADER
campo de control de longitud fija 01796nam a2200289 i 4500
001 - NÚMERO DE CONTROL
campo de control 196059
003 - IDENTIFICADOR DE NÚMERO DE CONTROL
campo de control ES-MaACL
005 - FECHA Y HORA DE LA ÚLTIMA TRANSACCIÓN
campo de control 20250429063012.0
008 - DATOS DE LONGITUD FIJA--INFORMACIÓN GENERAL
campo de control de longitud fija 240810s2014 sp ||||| |||| 00| 0 spa d
017 ## - NÚMERO DE COPYRIGHT O DE DEPÓSITO LEGAL
Número de copyright o de depósito legal T 1537-2013
020 ## - NÚMERO INTERNACIONAL ESTÁNDAR DEL LIBRO
Número Internacional Estándar del Libro 9788415523710
Información calificativa Oficina Depósito Legal Tarragona
040 ## - FUENTE DE CATALOGACIÓN
Centro/agencia transcriptor ES-MaACL
100 1# - ENTRADA PRINCIPAL--NOMBRE DE PERSONA
9 (RLIN) 173088
Nombre de persona Llácer, Juan Luis
Término indicativo de función/relación Autor
245 ## - MENCIÓN DEL TÍTULO
Título La memoria sagrada /
Resto del título Juan Luis Llácer.
260 ## - PUBLICACIÓN, DISTRIBUCIÓN, ETC.
Lugar de publicación, distribución, etc. Conesa :
Nombre del editor, distribuidor, etc. Ushuaia Ediciones,
Fecha de publicación, distribución, etc. 2014.
300 ## - DESCRIPCIÓN FÍSICA
Extensión 368 p. :
Dimensiones 22 cm.
336 ## - TIPO DE CONTENIDO
Fuente rdacontent
Término de tipo de contenido Texto
337 ## - TIPO DE MEDIO
Fuente rdamedia
Nombre/término del tipo de medio sin mediación
338 ## - TIPO DE SOPORTE
Fuente rdacarrier
Nombre/término del tipo de soporte volumen
520 ## - RESUMEN, ETC.
Sumario, etc. La memoria sagrada es la puerta abierta a la vivencia del alma, término que equivale a la conciencia despierta que observa la Realidad a través de la mente iluminada. Tomando como referencia una talla del siglo xv, conservada en el monasterio de Santo Domingo de Silos, en este libro se expone el itinerario que conduce desde la conciencia condicionada por una mente no iluminada, hasta la conciencia libre de ese condicionamiento, la conciencia despierta o búdica. La descripción de ese recorrido iniciático permite establecer la unidad primordial de todas las corrientes de espiritualidad, especialmente las que tienen como referencia a las figuras de Buda y Jesús, los mayores exponentes de esas formas de energía espiritual a las que llamamos sabiduría y amor.
852 ## - LOCALIZACIÓN
Ubicación ES-MaACL
Sublocalización o colección R.152981
Ubicación en estantería Depósito J
Número de control de estantería N-9186
Donativo/Legado Donación: Juan Luis Llácer
Encuadernación Encuadernación rústica con solapas
itemnumber 205091
Anotaciones manuscritas Dedicatoria autógrafa del autor
903 ## - NOMBRE PERSONAL DE DONANTE
9 173088
a Llácer, Juan Luis
e Donante
942 ## - ELEMENTOS DE ENTRADA SECUNDARIOS (KOHA)
Tipo de ítem Koha Libro impreso
Suprimir en OPAC No
Holdings
Estatus retirado Estado de pérdida Fuente del sistema de clasificación o colocación Estado de daño No para préstamo Colección Biblioteca de origen Biblioteca actual Ubicación en estantería Fecha de adquisición Fuente de adquisición Número de control de estantería Total de préstamos Signatura topográfica completa Código de barras Visto por última vez Precio de reemplazo Tipo de ítem Koha
    Clasificación decimal universal     Libros con dedicatorias Biblioteca del Ateneo de Madrid Biblioteca del Ateneo de Madrid Depósito J 27/04/2025 Donación Ateneísta   N-9186 101229926 27/04/2025 27/04/2025 Libro impreso